000 00709nam a2200217Ia 4500
003 GCL
008 140319s9999 xx 000 0 ara d
040 _aGCL /
_cGCL
082 0 4 _a250.905
_bس ا
100 1 _aسميح عباس سليمان
245 1 0 _aاعلام المسلم بما اتفق عليه البخارى ومسلم فى الترغيب والترهيب /
_cسميح عباس سليمان
260 _a[S.N] :
_bالدار المصرية اللبنانية ،
_c1991
300 _a633 ص
490 _a
650 0 4 _aالاسلام
650 0 4 _aالفقه
650 0 4 _aالحديث
650 0 4 _aفقه اسلامى
650 0 4 _aالاحاديث النبوية
942 _2ddc
_cBK
999 _c58656
_d58656